00000000nam 2200000zi 4500
0019.946640
003CaOODSP
00520250109074848
006m     o  d f      
007cr mn|||||||||
008250108s1974    onca    or   f001 0 fre d
040 |aCaOODSP|bfre|erda|cCaOODSP
0410 |aeng|afre|ager
043 |an-cn---
045 |ax7x7
0861 |aC23-311/1974-PDF
24500|aCanadian packaging machinery = |bMachines et équipement d'emballage du Canada = Verpackungsmaschinen aus Kanada.
24611|aMachines et équipement d'emballage du Canada
24611|aVerpackungsmaschinen aus Kanada
264 1|a[Ottawa] : |bGovernment of Canada, Industry, Trade and Commerce = Gouvernement du Canada, Industrie et commerce, |c[1974?]
300 |a1 ressource en ligne (92 pages) : |billustrations (certaines en couleur)
336 |atexte|btxt|2rdacontent/fre
337 |ainformatique|bc|2rdamedia/fre
338 |aressource en ligne|bcr|2rdacarrier/fre
500 |a« Le présent ouvrage a été réalisé par le Ministère canadien de l'Industrie et du Commerce, … » -- Introduction, page 5.
500 |aComprend un index.
500 |aÉdition numérisée de l'imprimé [par Innovation, sciences et développement économique Canada].
546 |aTexte en anglais, en français, et en allemand.
650 6|aConditionnement (Emballage)|xMachines|zCanada|vRépertoires.
650 6|aConditionnement (Emballage)|xMachines|xIndustrie|zCanada|vRépertoires.
655 7|aRépertoires|2rvmgf
7101 |aCanada. |bMinistère de l'industrie et du commerce, |eorganisme de publication.
788 |tCanadian packaging machinery = |eeng|w(CaOODSP)9.938576
85640|qPDF|s23.70 Mo|uhttps://publications.gc.ca/collections/collection_2025/isde-ised/c23/C23-311-1974.pdf